00262nam a2200097Ia 4500008004100000020001500041100002100056245002600077260004700103300001400150180205s9999 xx 000 0 und d a9715513338 aAderson, Neil T. 4aThe bondage breaker / amandaluyong CitybOMF literature incc1990 a247 pages